000 00945 a2200277 4500
003 CBULib
005 20240125133200.0
008 240125b |||||||| |||| 00| 0 eng d
040 _bEnglish
_cCBULib
_erda
041 _aeng
050 _aCBU-PG THESIS/SIV
100 _aSivile, John
_92082
245 _aAn assessment of the contribution of pensions on the well-being of retirees in Zambia: a case study of Kitwe based retirees
_c/ by John Sivile
260 _bCopperbelt University,
_c2023
_aKitwe :
300 _axi, 119 pages : illustrations
336 _2rdacontent
_aText |
_btxt
337 _2rdamedia
_aUnmediated |
_bn
338 _2rdacarrier
_aVolume
_bnc
500 _aincludes bibliographical references and appendices
650 0 _92083
_aPENSIONS
650 0 _92085
_aCONTRIBUTIONS OF PENSIONS
650 0 _92084
_aRETIREES
650 0 _92086
_aWELL-BEING OF RETIREES
650 0 _92024
_aKITWE DISTRICT
942 _2lcc
_c030
999 _c84148
_d84148